Practical soil science & agricultural chemistry / (Record no. 5083)

MARC details
000 -LEADER
fixed length control field 00614nam a22002177a 4500
001 - CONTROL NUMBER
control field BD-DhSAU 5083
003 - CONTROL NUMBER IDENTIFIER
control field BD-DhSAU
005 - DATE AND TIME OF LATEST TRANSACTION
control field 20150411130523.0
008 - FIXED-LENGTH DATA ELEMENTS--GENERAL INFORMATION
fixed length control field 150411b2004 ii a||||r|||| 000 0 eng d
020 ## - INTERNATIONAL STANDARD BOOK NUMBER
International Standard Book Number 8189890280
040 ## - CATALOGING SOURCE
Original cataloging agency BD-DhSAU
082 ## - DEWEY DECIMAL CLASSIFICATION NUMBER
Edition number 22
Classification number 634101
Item number TOP
100 ## - MAIN ENTRY--PERSONAL NAME
Personal name Tolanur, Shivanand
245 ## - TITLE STATEMENT
Title Practical soil science & agricultural chemistry /
Statement of responsibility, etc. Shivanand Tolanur
260 ## - PUBLICATION, DISTRIBUTION, ETC. (IMPRINT)
Place of publication, distribution, etc. New Delhi :
Name of publisher, distributor, etc. International Book Distribution ,
Date of publication, distribution, etc. 2004.
300 ## - PHYSICAL DESCRIPTION
Extent 173p. :
Other physical details il. ;
Dimensions 23 cm.
590 ## - Name of Cataloguer
Name of Cataloger erfat
650 ## - SUBJECT ADDED ENTRY--TOPICAL TERM
Topical term or geographic name as entry element Soil science.
650 ## - SUBJECT ADDED ENTRY--TOPICAL TERM
Topical term or geographic name as entry element Agricultural chemistry
700 ## - ADDED ENTRY--PERSONAL NAME
Personal name Rosswall. T
942 ## - ADDED ENTRY ELEMENTS (KOHA)
Source of classification or shelving scheme Dewey Decimal Classification
Koha item type Book
Holdings
Withdrawn status Lost status Source of classification or shelving scheme Damaged status Not for loan Collection code Home library Branch Name Shelving location Date acquired Total Checkouts Full call number Barcode Date last seen Price effective from Koha item type
    Dewey Decimal Classification   Not For Loan Reference SAU Library SAU Library Reference 12/06/2008   634101 TOP 33914 11/04/2015 11/04/2015 Book